| 000 | 00565nam a22002057a 4500 | ||
|---|---|---|---|
| 003 | OSt | ||
| 005 | 20260304053356.0 | ||
| 008 | 260304b |||||||| |||| 00| 0 eng d | ||
| 020 | _a9780-0633-54388 | ||
| 040 |
_aDWCL - Main Lib. _cOC |
||
| 082 | _aF L439o 2023 | ||
| 100 |
_aLang, Leav _eAuthor |
||
| 245 |
_aOthers were emeralds: _ba novel / _cLeav Lang |
||
| 250 | _aInternational edition. | ||
| 260 |
_aNew York: _bHarper Collins, _cc2023. |
||
| 300 |
_a274 pages; _c20cm. |
||
| 650 | _a1. Families fiction. | ||
| 650 | _a2. Novels. | ||
| 942 |
_2ddc _cFIC. _n0 |
||
| 999 |
_c8610 _d8610 |
||